000 00198 a2200097 4500
001 3494
100 _aGibbs, H
245 _aBackground to bitterness
260 _a
_bMuller
_c
090 _c2760
_d2760
942 _aNUST-CAE
_cM
_c19558
999 _c238567
_d238567